000 00923nam a2200289 a 4500
008
020 _a0749417722 (pbk.)
049 _aMAIN
090 _aLB3602
100 1 _aJones, Margaret
245 1 0 _aResearching into student learning and support in colleges and universities /
_bMargaret Jones, John Siraj-Blatchford and Kate Ashcroft.
260 _aLondon :
_bKogan Page,
_c22 cm.
300 _aviii, 151 p. ;
_c22 cm.
440 _aPractical research series.
500 _aIncludes index.
504 _aIncludes bibliographical references.
650 1 _aStudent assistance programmes.
650 _aStudents
_xAcademic workload.
650 _aStudents.
700 _aSiraj-Blatchford, John
700 _aAshcroft, Kate
907 _a.b10117118
_b06-04-04
_c03-04-04
003
005 20230123133653.0
040 _cNUST
942 _cBOOKS
_kLB3602
999 _c152607
_d152607